00652nam a2200241 a 4500001001300000003000900013005001700022008004100039020001000080082001500090100001600105245002100121260003700142300000900179500003500188505001800223650002900241700001600270902000800286942000700294952009400301999001500395nice12345678IN_TiNIC20260116011520.0050524s1912 lona grp 000 0 eng  ac10000a949.5bOMA aOman, C W C aByzantine Empire aLondonbG.P. Putnam`s Sonsc1912 a364p aincludes index and biblioraphy2 aIndex, Illus. aByzantine Empire-History1 aOman, C W C bSRS cBK 00104070aHMIbHMId2008-09-26g100.00l0o949.5 OMAp490r2008-09-26w2026-01-16yARB c2215d2215